000 00298nam a22001457a 4500
003 SGT
020 _a9780071212496
082 _a617.51
_bE99L
100 _aLEE, K.J.
245 _aESSENTIAL OTOLARYNGOLOGY
250 _a8TH
260 _bMC-GROW HILL
_c1999
300 _a1136
942 _2ddc
_cBK
999 _c17898
_d17898